<?xml version="1.0" encoding="UTF-8"?><?xml-stylesheet type="text/xsl" href="static/style.xsl"?><OAI-PMH xmlns="http://www.openarchives.org/OAI/2.0/" xmlns:xsi="http://www.w3.org/2001/XMLSchema-instance" xsi:schemaLocation="http://www.openarchives.org/OAI/2.0/ http://www.openarchives.org/OAI/2.0/OAI-PMH.xsd"><responseDate>2026-04-13T02:57:50Z</responseDate><request verb="GetRecord" identifier="oai:www.recercat.cat:10230/69973" metadataPrefix="marc">https://recercat.cat/oai/request</request><GetRecord><record><header><identifier>oai:recercat.cat:10230/69973</identifier><datestamp>2025-12-20T16:41:02Z</datestamp><setSpec>com_2072_6</setSpec><setSpec>col_2072_452952</setSpec></header><metadata><record xmlns="http://www.loc.gov/MARC21/slim" xmlns:dcterms="http://purl.org/dc/terms/" xmlns:xsi="http://www.w3.org/2001/XMLSchema-instance" xmlns:doc="http://www.lyncode.com/xoai" xsi:schemaLocation="http://www.loc.gov/MARC21/slim http://www.loc.gov/standards/marcxml/schema/MARC21slim.xsd">
   <leader>00925njm 22002777a 4500</leader>
   <datafield ind2=" " ind1=" " tag="042">
      <subfield code="a">dc</subfield>
   </datafield>
   <datafield ind2=" " ind1=" " tag="720">
      <subfield code="a">Camps Durban, Eloi</subfield>
      <subfield code="e">author</subfield>
   </datafield>
   <datafield ind2=" " ind1=" " tag="260">
      <subfield code="c">2025-03-19T07:58:37Z</subfield>
   </datafield>
   <datafield ind2=" " ind1=" " tag="260">
      <subfield code="c">2025-03-19T07:58:37Z</subfield>
   </datafield>
   <datafield ind2=" " ind1=" " tag="260">
      <subfield code="c">2023</subfield>
   </datafield>
   <datafield ind2=" " ind1=" " tag="520">
      <subfield code="a">Las cooperativas de medios permiten la implicación en la propiedad, la gestión y la producción a sus trabajadores y, en el caso de las cooperativas de lectores, también a sus a públicos. Esta característica, punto clave de las entidades de la economía social y solidaria, cobra relevancia en un panorama mediático donde la participación y la colaboración reemergen ante la crisis del paradigma competitivo del negocio informativo. El objetivo del presente artículo es identificar, describir y clasificar modos y prácticas colaborativas y participativas en cooperativas de medios a lo largo de la historia. La metodología empleada combina la revisión bibliográfica sistematizada con el análisis de contenido web, aplicados a una muestra representativa de casos históricos y presentes. Pese a las diferencias geográficas e históricas, se evidencia cómo la participación y la colaboración son conceptos neurálgicos en la creación y el desarrollo de estos medios. Se concluye que las cooperativas de medios, al integrar dinámicas participativas y colaborativas, son organizaciones potencialmente resilientes.</subfield>
   </datafield>
   <datafield tag="653" ind2=" " ind1=" ">
      <subfield code="a">Cooperativas de medios</subfield>
   </datafield>
   <datafield tag="653" ind2=" " ind1=" ">
      <subfield code="a">Participación</subfield>
   </datafield>
   <datafield tag="653" ind2=" " ind1=" ">
      <subfield code="a">Colaboración</subfield>
   </datafield>
   <datafield tag="653" ind2=" " ind1=" ">
      <subfield code="a">Resiliencia</subfield>
   </datafield>
   <datafield ind2="0" ind1="0" tag="245">
      <subfield code="a">Participación, colaboración y resiliencia en cooperativas de medios</subfield>
   </datafield>
</record></metadata></record></GetRecord></OAI-PMH>